Districts du canton de Vaud (avec carte) - Statistiques

Statistiques générales
  • Ce quiz a été pris 599 fois
  • Le résultat moyen est 6 sur 10
Réponses sur la Carte
Les réponses sont colorées sur une échelle allant du rouge au vert en fonction du pourcentage des utilisateurs qui les ont devinées à leur premier essai. Vous pouvez retrouver ces pourcentages ci-dessous.
 
Statistiques - réponses
District % Correct
Lausanne
94%
Nyon
71%
Morges
66%
Jura-Nord vaudois
63%
Gros-de-Vaud
57%
Aigle
54%
Riviera-Pays d'en Haut
54%
Lavaux-Oron
51%
Broye-Vully
46%
Ouest lausannois
37%
Aucun quiz correspondant
Distribution des résultats
% des personnes avec chaque résultat
Percentile par nombre de réponses
Votre historique - résultats
Vous n’avez pas pris ce quiz